[Event "Bhubaneswar op 16th"]
[Site "Bhubaneswar"]
[Date "2025.05.13"]
[Round "7"]
[White "Schekachikhin, Maksim"]
[Black "Podolchenko, Evgeniy"]
[Result "1/2-1/2"]
[WhiteElo "2364"]
[BlackElo "2326"]
[PlyCount "37"]
[EventDate "2025.05.09"]
[EventType "swiss"]
[EventRounds "10"]
[EventCountry "IND"]
[SourceTitle "CB21_2025"]
[SourceDate "2025.05.21"]
[SourceVersion "1"]
[SourceVersionDate "2025.05.21"]
[SourceQuality "1"]

1. e4 c6 2. Nf3 d5 3. exd5 cxd5 4. d4 a6 5. Ne5 Nc6 6. c4 Nxe5 7. dxe5 e6 8. cxd5 Qxd5 9. Qxd5 exd5 10. Nc3 Be6 11. Be3 Rc8 12. Be2 Ne7 13. Bf3 Ng6 14. Rd1 Nxe5 15. Bxd5 Bxd5 16. Nxd5 f6 17. 0-0 Be7 18. Nb6 Rc7 19. Nd5 1/2-1/2

[Event "Bhubaneswar op 16th"]
[Site "Bhubaneswar"]
[Date "2025.05.11"]
[Round "3"]
[White "Harshit, Ranjan Sahu"]
[Black "Podolchenko, Evgeniy"]
[Result "1/2-1/2"]
[WhiteElo "2214"]
[BlackElo "2326"]
[PlyCount "112"]
[EventDate "2025.05.09"]
[EventType "swiss"]
[EventRounds "10"]
[EventCountry "IND"]
[SourceTitle "CB21_2025"]
[SourceDate "2025.05.21"]
[SourceVersion "1"]
[SourceVersionDate "2025.05.21"]
[SourceQuality "1"]

1. e4 c6 2. d4 d5 3. exd5 cxd5 4. Bd3 Nc6 5. c3 Nf6 6. Bf4 a6 7. Nd2 Bg4 8. Qb3 Na5 9. Qc2 e6 10. Ngf3 Bd6 11. Bxd6 Qxd6 12. Ne5 Nc6 13. f4 g6 14. 0-0 Bf5 15. Rae1 0-0 16. h3 h5 17. Rf2 Kg7 18. Qd1 h4 19. Ndf3 Bxd3 20. Qxd3 Ne4 21. Rfe2 Ng3 22. Rf2 Nf5 23. Ng5 Nxe5 24. fxe5 Qe7 25. Nf3 Rac8 26. Nh2 Qg5 27. Ng4 Rc7 28. Qf3 Rfc8 29. Qf4 Qxf4 30. Rxf4 b5 31. Ne3 b4 32. cxb4 Rc1 33. Nxf5+ gxf5 34. Kf1 R1c2 35. Rf2 Kg6 36. b3 Rxf2+ 37. Kxf2 f4 38. a4 Kf5 39. b5 axb5 40. a5 b4 41. a6 Ra8 42. Ra1 Ke4 43. Ra4 Ra7 44. Ke2 Kxd4 45. Rxb4+ Kxe5 46. Rb6 f5 47. b4 Rg7 48. Kf2 Rc7 49. b5 Rc2+ 50. Ke1 Ra2 51. Kd1 d4 52. Rc6 Ra5 53. Rc8 Ke4 54. b6 Ra1+ 55. Kd2 Ra2+ 56. Kd1 Ra1+ 1/2-1/2

[Event "Kottayam op"]
[Site "Kottayam"]
[Date "2025.05.04"]
[Round "7"]
[White "Krishay, Jain"]
[Black "Podolchenko, Evgeniy"]
[Result "0-1"]
[WhiteElo "1891"]
[BlackElo "2307"]
[PlyCount "78"]
[EventDate "2025.04.30"]
[EventType "swiss"]
[EventRounds "10"]
[EventCountry "IND"]
[SourceTitle "CB19_2025"]
[SourceDate "2025.05.07"]
[SourceVersion "1"]
[SourceVersionDate "2025.05.07"]
[SourceQuality "1"]

1. e4 c6 2. d4 d5 3. exd5 cxd5 4. Bd3 Nc6 5. c3 Nf6 6. Bf4 g6 7. Nf3 Nh5 8. Be3 Qd6 9. 0-0 Nf4 10. Ne5 Nxd3 11. Nxd3 Bg7 12. Bf4 Qd8 13. Nd2 0-0 14. Nf3 Bf5 15. Qe2 Re8 16. Rad1 Qb6 17. Rfe1 Rad8 18. b4 a5 19. a3 axb4 20. axb4 Na7 21. Nc5 Nb5 22. Qb2 Qc6 23. Re3 b6 24. Nb3 Rc8 25. Rde1 Nxc3 26. Rxe7 Rxe7 27. Rxe7 Qb5 28. Nc1 Bf8 29. Rb7 Na4 30. Qd2 Bxb4 31. Qe3 Qc6 32. Ra7 Qc2 33. h3 Nc3 34. Kh2 Qe4 35. Ng5 Qxe3 36. fxe3 Nb5 37. Rxf7 h6 38. Rb7 hxg5 39. Bxg5 Bd6+ 0-1

[Event "Kottayam op"]
[Site "Kottayam"]
[Date "2025.04.30"]
[Round "1"]
[White "Podolchenko, Evgeniy"]
[Black "Pournami, S."]
[Result "1-0"]
[WhiteElo "2307"]
[BlackElo "1770"]
[PlyCount "47"]
[EventDate "2025.04.30"]
[EventType "swiss"]
[EventRounds "10"]
[EventCountry "IND"]
[SourceTitle "CB19_2025"]
[SourceDate "2025.05.07"]
[SourceVersion "1"]
[SourceVersionDate "2025.05.07"]
[SourceQuality "1"]

1. d4 Nf6 2. c4 e6 3. Nc3 d5 4. cxd5 exd5 5. Bg5 Be7 6. e3 0-0 7. Bd3 h6 8. Bf4 b6 9. Nf3 Bb7 10. 0-0 Nbd7 11. Ne5 c5 12. Qf3 a6 13. Rad1 b5 14. Bf5 Nb6 15. Ng4 Bc8 16. Nxh6+ gxh6 17. Bxh6 Bxf5 18. Qxf5 Kh8 19. dxc5 Bxc5 20. Bg5 Be7 21. Rd4 Re8 22. Rh4+ Kg8 23. Bh6 Nh7 24. Rg4+ 1-0

[Event "Maharashtra op 3rd"]
[Site "Hadapsar"]
[Date "2025.04.24"]
[Round "6"]
[White "Podolchenko, Evgeniy"]
[Black "Sanikidze, Tornike"]
[Result "1/2-1/2"]
[WhiteElo "2307"]
[BlackElo "2448"]
[PlyCount "69"]
[EventDate "2025.04.20"]
[EventType "swiss"]
[EventRounds "10"]
[EventCountry "IND"]
[SourceTitle "CB18_2025"]
[SourceDate "2025.04.30"]
[SourceVersion "1"]
[SourceVersionDate "2025.04.30"]
[SourceQuality "1"]

1. d4 Nf6 2. c4 e6 3. Nf3 d5 4. g3 dxc4 5. Bg2 Nc6 6. Qa4 Bb4+ 7. Bd2 Bd6 8. Qxc4 0-0 9. Nc3 e5 10. d5 Ne7 11. 0-0 h6 12. Rfd1 a6 13. Be1 Bf5 14. Rac1 Qd7 15. Nd2 b5 16. Qb3 b4 17. Nce4 Nxe4 18. Nxe4 Bxe4 19. Bxe4 a5 20. Bg2 f5 21. a3 Kh8 22. axb4 axb4 23. Qc4 Ra5 24. e4 f4 25. Ra1 Rfa8 26. Rxa5 Rxa5 27. b3 fxg3 28. hxg3 c5 29. dxc6 Nxc6 30. Bh3 Qxh3 31. Qxc6 Bc5 32. Qg6 Ra8 33. Rc1 Ra5 34. Rd1 Ra8 35. Rc1 1/2-1/2

[Event "Maharashtra op 3rd"]
[Site "Hadapsar"]
[Date "2025.04.23"]
[Round "5"]
[White "Podolchenko, Evgeniy"]
[Black "Sammed Jaykumar, Shete"]
[Result "1-0"]
[WhiteElo "2307"]
[BlackElo "2391"]
[PlyCount "79"]
[EventDate "2025.04.20"]
[EventType "swiss"]
[EventRounds "10"]
[EventCountry "IND"]
[SourceTitle "CB18_2025"]
[SourceDate "2025.04.30"]
[SourceVersion "1"]
[SourceVersionDate "2025.04.30"]
[SourceQuality "1"]

1. d4 Nf6 2. c4 e6 3. Nf3 d5 4. g3 Bb4+ 5. Bd2 Be7 6. Bg2 c6 7. Qc2 Nbd7 8. 0-0 a5 9. Rd1 0-0 10. Bf4 a4 11. Ne5 Qa5 12. Nc3 Nxe5 13. dxe5 Nd7 14. cxd5 exd5 15. Rac1 Nb6 16. e4 Bg4 17. Rd2 Nc4 18. exd5 Nxd2 19. Bxd2 a3 20. d6 Bd8 21. Re1 axb2 22. Qxb2 Ra6 23. Qc2 b5 24. f4 g6 25. Kh1 Bf5 26. Qd1 b4 27. Ne4 c5 28. g4 Bxe4 29. Bxe4 c4 30. Bc1 Qxa2 31. Bd5 Bh4 32. Rf1 Qb1 33. f5 b3 34. e6 Rxd6 35. exf7+ Kh8 36. fxg6 hxg6 37. Qd4+ Kh7 38. Qf4 Qxc1 39. Qxc1 Rxd5 40. Qxc4 1-0

[Event "Bengaluru Namma op 2nd"]
[Site "Bengaluru"]
[Date "2025.04.16"]
[Round "8"]
[White "Nguyen, Quoc Hy"]
[Black "Podolchenko, Evgeniy"]
[Result "1/2-1/2"]
[WhiteElo "2404"]
[BlackElo "2307"]
[PlyCount "80"]
[EventDate "2025.04.10"]
[EventType "swiss"]
[EventRounds "10"]
[EventCountry "IND"]
[SourceTitle "CB18_2025"]
[SourceDate "2025.04.30"]
[SourceVersion "1"]
[SourceVersionDate "2025.04.30"]
[SourceQuality "1"]

1. c4 Nf6 2. d4 e6 3. Nc3 Bb4 4. e3 0-0 5. Bd3 Re8 6. Nge2 d5 7. 0-0 Bf8 8. Nf4 a6 9. cxd5 exd5 10. f3 Be6 11. Nxe6 Rxe6 12. Bf5 Re8 13. e4 g6 14. e5 gxf5 15. exf6 c6 16. Bg5 Nd7 17. Qd3 Nxf6 18. Ne2 Bg7 19. Ng3 Qb6 20. Qd2 Re6 21. Nxf5 Nd7 22. Rae1 Rae8 23. Bh6 Bf6 24. Bg7 Qd8 25. Bh6 Nf8 26. Bxf8 Kxf8 27. Kh1 Kg8 28. Nh6+ Kf8 29. Nf5 Kg8 30. Qf2 Bg7 31. Rxe6 fxe6 32. Nxg7 Kxg7 33. Qg3+ Kf7 34. Qh3 Kg7 35. Qh5 Qe7 36. Re1 Qf7 37. Qe5+ Qf6 38. f4 Qxe5 39. Rxe5 Kf7 40. g4 Rc8 1/2-1/2

[Event "Bengaluru Namma op 2nd"]
[Site "Bengaluru"]
[Date "2025.04.15"]
[Round "7"]
[White "Podolchenko, Evgeniy"]
[Black "Kaustuv, Kundu"]
[Result "1-0"]
[WhiteElo "2307"]
[BlackElo "2407"]
[PlyCount "85"]
[EventDate "2025.04.10"]
[EventType "swiss"]
[EventRounds "10"]
[EventCountry "IND"]
[SourceTitle "CB18_2025"]
[SourceDate "2025.04.30"]
[SourceVersion "1"]
[SourceVersionDate "2025.04.30"]
[SourceQuality "1"]

1. d4 Nf6 2. c4 g6 3. Nc3 Bg7 4. e4 d6 5. Nf3 0-0 6. Be2 e5 7. 0-0 exd4 8. Nxd4 Re8 9. f3 c6 10. Kh1 Nbd7 11. Be3 d5 12. cxd5 cxd5 13. Ndb5 Nb6 14. a4 Be6 15. a5 Nc4 16. Bxc4 dxc4 17. Bxa7 Qe7 18. Bb6 Nd7 19. Nc7 Nxb6 20. Nxe8 Bxc3 21. axb6 Rd8 22. Qc2 Bb4 23. Nc7 Rd2 24. Nxe6 Qxe6 25. Qc1 Kg7 26. Ra4 Qxb6 27. Qxc4 Rxb2 28. Ra2 Rxa2 29. Qxa2 Bc3 30. Rb1 Qf6 31. Qe2 b6 32. g3 h5 33. Kg2 Bd4 34. h4 Kh7 35. Qc4 Kg7 36. Rd1 Bc5 37. Rd7 Kf8 38. Qd5 Kg8 39. Rb7 Qb2+ 40. Kh3 Qf6 41. f4 Be7 42. Ra7 Kf8 43. Qd7 1-0

[Event "Izmir Arena IM 12"]
[Site "Izmir"]
[Date "2025.03.13"]
[Round "5"]
[White "Podolchenko, Evgeniy"]
[Black "Tilicheev, Viacheslav"]
[Result "0-1"]
[WhiteElo "2302"]
[BlackElo "2426"]
[PlyCount "78"]
[EventDate "2025.03.11"]
[EventType "tourn"]
[EventRounds "9"]
[EventCountry "TUR"]
[SourceTitle "CB13_2025"]
[SourceDate "2025.03.26"]
[SourceVersion "1"]
[SourceVersionDate "2025.03.26"]
[SourceQuality "1"]

1. d4 Nf6 2. c4 e6 3. Nc3 Bb4 4. e3 0-0 5. Bd2 c5 6. a3 Bxc3 7. Bxc3 Ne4 8. Ne2 b6 9. f3 Nxc3 10. Nxc3 cxd4 11. Qxd4 Nc6 12. Qf4 Ba6 13. Be2 Rc8 14. Rc1 Na5 15. b4 Nxc4 16. b5 g5 17. Qd4 Na5 18. bxa6 Nb3 19. Qd1 Nxc1 20. Qxc1 Qf6 21. Kd2 d5 22. Qa1 d4 23. Ne4 Qe5 24. exd4 Qf4+ 25. Kd3 f5 26. Nd2 Rfd8 27. g3 Qe5 28. Rb1 f4 29. Ne4 Qa5 30. gxf4 gxf4 31. a4 e5 32. Rb5 Qe1 33. Qa2+ Kh8 34. Rxe5 Qg1 35. Nf2 Qxf2 36. d5 Qg1 37. Qb2 Kg8 38. h4 Rxd5+ 39. Rxd5 Qe3# 0-1

[Event "Izmir Arena IM 12"]
[Site "Izmir"]
[Date "2025.03.13"]
[Round "6"]
[White "Schekachikhin, Maksim"]
[Black "Podolchenko, Evgeniy"]
[Result "1/2-1/2"]
[WhiteElo "2371"]
[BlackElo "2302"]
[PlyCount "46"]
[EventDate "2025.03.11"]
[EventType "tourn"]
[EventRounds "9"]
[EventCountry "TUR"]
[SourceTitle "CB13_2025"]
[SourceDate "2025.03.26"]
[SourceVersion "1"]
[SourceVersionDate "2025.03.26"]
[SourceQuality "1"]

1. e4 c6 2. d4 d5 3. Nc3 dxe4 4. Nxe4 Bf5 5. Ng3 Bg6 6. h4 h6 7. Nf3 e6 8. Ne5 Bh7 9. Bd3 Bxd3 10. Qxd3 Nd7 11. f4 Be7 12. Bd2 Nxe5 13. fxe5 Bxh4 14. 0-0-0 Bxg3 15. Qxg3 Ne7 16. Qxg7 Rg8 17. Qxh6 Qd5 18. Bg5 Qxa2 19. c3 Qa1+ 20. Kc2 Qa4+ 21. Kc1 Qa1+ 22. Kc2 Qa4+ 23. Kc1 Qa1+ 1/2-1/2

[Event "Izmir Arena IM 12"]
[Site "Izmir"]
[Date "2025.03.12"]
[Round "4"]
[White "Yonal, Timur"]
[Black "Podolchenko, Evgeniy"]
[Result "1/2-1/2"]
[WhiteElo "2224"]
[BlackElo "2302"]
[PlyCount "39"]
[EventDate "2025.03.11"]
[EventType "tourn"]
[EventRounds "9"]
[EventCountry "TUR"]
[SourceTitle "CB13_2025"]
[SourceDate "2025.03.26"]
[SourceVersion "1"]
[SourceVersionDate "2025.03.26"]
[SourceQuality "1"]

1. e4 e6 2. d4 d5 3. Nc3 Nf6 4. Bg5 h6 5. Bxf6 Qxf6 6. exd5 Bb4 7. Bc4 0-0 8. Nge2 exd5 9. Bxd5 Rd8 10. Bf3 Nc6 11. 0-0 Nxd4 12. Nxd4 Rxd4 13. Qe2 Bxc3 14. bxc3 Rd8 15. Rfd1 Rf8 16. c4 Kh8 17. Kh1 Kg8 18. Kg1 Kh8 19. Kh1 Kg8 20. Kg1 1/2-1/2

[Event "Chennai op 15th"]
[Site "Chennai"]
[Date "2025.01.06"]
[Round "7"]
[White "Anadkat, Kartavya"]
[Black "Podolchenko, Evgeniy"]
[Result "1-0"]
[WhiteElo "2139"]
[BlackElo "2346"]
[PlyCount "61"]
[EventDate "2025.01.02"]
[EventType "swiss"]
[EventRounds "10"]
[EventCountry "IND"]
[SourceTitle "CB03_2025"]
[SourceDate "2025.01.15"]
[SourceVersion "1"]
[SourceVersionDate "2025.01.15"]
[SourceQuality "1"]

1. e4 c6 2. d4 d5 3. e5 Bf5 4. h4 h5 5. Bg5 Qb6 6. Bd3 Qxd4 7. Nf3 Qg4 8. Bxf5 Qxf5 9. c4 Qe4+ 10. Be3 e6 11. Nbd2 Qd3 12. cxd5 exd5 13. Rc1 Bb4 14. a3 Bxd2+ 15. Bxd2 Nd7 16. Rc3 Qa6 17. Bg5 f6 18. exf6 gxf6 19. Re3+ Kf8 20. Qb1 Ne7 21. Bf4 Kf7 22. Rh3 Rae8 23. Ng5+ fxg5 24. Bxg5 Nf6 25. Rhf3 c5 26. Bxf6 Qxf6 27. Kf1 Qxf3 28. Rxf3+ Ke6 29. Qe1+ Kd7 30. Qa5 Rh6 31. Qxa7 1-0

[Event "Madurai Athens of the East op-A 4th"]
[Site "Madurai"]
[Date "2024.12.25"]
[Round "2"]
[White "Daksh, Goyal"]
[Black "Podolchenko, Evgeniy"]
[Result "1-0"]
[WhiteElo "2117"]
[BlackElo "2360"]
[PlyCount "157"]
[EventDate "2024.12.24"]
[EventType "swiss"]
[EventRounds "10"]
[EventCountry "IND"]
[SourceTitle "CB02_2025"]
[SourceDate "2025.01.08"]
[SourceVersion "1"]
[SourceVersionDate "2025.01.08"]
[SourceQuality "1"]

1. d4 Nf6 2. c4 e6 3. Nc3 Bb4 4. Qc2 0-0 5. e4 d5 6. e5 Ne4 7. Nf3 c5 8. Bd3 cxd4 9. Nxd4 Nd7 10. Bf4 Ndc5 11. 0-0 Bxc3 12. bxc3 Bd7 13. cxd5 exd5 14. f3 Ba4 15. Qe2 Nxd3 16. fxe4 dxe4 17. Qxe4 Nxf4 18. Rxf4 Bc6 19. Qf5 Bd5 20. Qh5 Qb6 21. Re1 Qg6 22. Qh3 Rfe8 23. Re3 Be6 24. Qh4 Qb1+ 25. Rf1 Qxa2 26. Rg3 Qd2 27. Nf3 Qd8 28. Qh6 Qb6+ 29. Kh1 Bg4 30. Qxb6 axb6 31. Rxg4 Rec8 32. Rb4 Rxc3 33. Rxb6 Ra7 34. Rd6 h6 35. Rd7 Rc2 36. Rd2 Rxd2 37. Nxd2 Ra5 38. Nc4 Rc5 39. Nd6 Rxe5 40. Nxb7 Rd5 41. Rc1 h5 42. Nc5 Rd4 43. Re1 Kh7 44. Kg1 Rc4 45. Ne4 f6 46. Kf2 Kg6 47. Nd2 Ra4 48. Nf1 Rf4+ 49. Ke2 Ra4 50. Rb1 Ra2+ 51. Kf3 Ra3+ 52. Ne3 Ra5 53. Rb7 Ra3 54. Rd7 Rb3 55. Ke4 Rb4+ 56. Rd4 Rb1 57. Nd5 Re1+ 58. Kf3 Kh6 59. Ne3 Ra1 60. Rd8 Kg6 61. Rh8 Ra3 62. g3 Rb3 63. Ra8 Rc3 64. Ke4 Rb3 65. Nd5 Kh7 66. Rf8 h4 67. Ne3 hxg3 68. hxg3 Rb4+ 69. Kf3 Kg6 70. Nd5 Rb7 71. Kg4 Ra7 72. Rc8 Rd7 73. Rc5 Kh6 74. Kf5 Ra7 75. Rc1 Kh7 76. Rh1+ Kg8 77. Kg6 Ra3 78. Ne7+ Kf8 79. Nf5 1-0

[Event "Bhubaneswar Odisha op"]
[Site "Bhubaneswar"]
[Date "2024.12.21"]
[Round "9"]
[White "Dhananjay, S."]
[Black "Podolchenko, Evgeniy"]
[Result "1/2-1/2"]
[WhiteElo "2233"]
[BlackElo "2360"]
[PlyCount "96"]
[EventDate "2024.12.15"]
[EventType "swiss"]
[EventRounds "10"]
[EventCountry "IND"]
[SourceTitle "CB52_2024"]
[SourceDate "2024.12.25"]
[SourceVersion "1"]
[SourceVersionDate "2024.12.25"]
[SourceQuality "1"]

1. e4 c6 2. Nc3 d5 3. Nf3 Bg4 4. h3 Bxf3 5. Qxf3 e6 6. Be2 Bc5 7. 0-0 Ne7 8. Rd1 Bd4 9. exd5 exd5 10. Bf1 g6 11. Ne2 Bg7 12. d4 0-0 13. a4 Nf5 14. a5 Na6 15. Qb3 Qc8 16. c3 Nc7 17. Nf4 Nd6 18. g3 Re8 19. h4 Qd7 20. Bh3 f5 21. Nd3 Ne6 22. Re1 Re7 23. Qd1 Rae8 24. Ne5 Qc7 25. f4 Ne4 26. g4 Bxe5 27. dxe5 Ng7 28. c4 Qd7 29. cxd5 cxd5 30. h5 fxg4 31. Bxg4 Nf5 32. hxg6 hxg6 33. Ra3 Rh7 34. Rh3 Rxh3 35. Bxh3 Re7 36. Re2 Rh7 37. Bxf5 gxf5 38. Rg2+ Kf8 39. Be3 Qc6 40. Qd4 Rg7 41. Rxg7 Kxg7 42. e6+ Kf8 43. Qe5 Ke7 44. Qxf5 Qxe6 45. Qxe6+ Kxe6 46. Bxa7 Kf5 47. Be3 d4 48. Bxd4 Kxf4 1/2-1/2

[Event "Bhubaneswar Odisha op"]
[Site "Bhubaneswar"]
[Date "2024.12.17"]
[Round "4"]
[White "Podolchenko, Evgeniy"]
[Black "Mrudul, Dehankar"]
[Result "1/2-1/2"]
[WhiteElo "2360"]
[BlackElo "2055"]
[PlyCount "69"]
[EventDate "2024.12.15"]
[EventType "swiss"]
[EventRounds "10"]
[EventCountry "IND"]
[SourceTitle "CB52_2024"]
[SourceDate "2024.12.25"]
[SourceVersion "1"]
[SourceVersionDate "2024.12.25"]
[SourceQuality "1"]

1. d4 Nf6 2. c4 e6 3. Nc3 Bb4 4. Qc2 d5 5. cxd5 exd5 6. Bg5 h6 7. Bh4 g5 8. Bg3 Nc6 9. e3 h5 10. Bb5 h4 11. Be5 0-0 12. Bxf6 Qxf6 13. a3 Bf5 14. Bd3 Bxc3+ 15. bxc3 Bxd3 16. Qxd3 Ne7 17. h3 Qf5 18. Qd1 Nc8 19. Nf3 Nd6 20. 0-0 Rae8 21. Ne5 f6 22. Ng4 Kg7 23. Rb1 b6 24. Qa4 a5 25. Qc6 Re7 26. f4 Nc4 27. Rb5 Qd7 28. Qxd5 Qxd5 29. Rxd5 f5 30. Re5 Nxe5 31. Nxe5 Kf6 32. fxg5+ Kxg5 33. Rf4 Rfe8 34. Kf2 Rxe5 35. dxe5 1/2-1/2

[Event "Bhubaneswar Odisha op"]
[Site "Bhubaneswar"]
[Date "2024.12.17"]
[Round "3"]
[White "Rupam, Mukherjee"]
[Black "Podolchenko, Evgeniy"]
[Result "1/2-1/2"]
[WhiteElo "2004"]
[BlackElo "2360"]
[PlyCount "56"]
[EventDate "2024.12.15"]
[EventType "swiss"]
[EventRounds "10"]
[EventCountry "IND"]
[SourceTitle "CB52_2024"]
[SourceDate "2024.12.25"]
[SourceVersion "1"]
[SourceVersionDate "2024.12.25"]
[SourceQuality "1"]

1. d4 Nf6 2. Nf3 e6 3. g3 b5 4. Bg2 Bb7 5. 0-0 c5 6. c3 Be7 7. a4 b4 8. cxb4 cxb4 9. Bg5 0-0 10. Nbd2 h6 11. Bxf6 Bxf6 12. Nb3 Na6 13. Nfd2 Bxg2 14. Kxg2 Qb6 15. e3 Rac8 16. Rc1 Rxc1 17. Qxc1 Qb7+ 18. Kg1 Rc8 19. Qb1 h5 20. Rc1 Rxc1+ 21. Qxc1 Be7 22. h4 Nc7 23. Qc4 Nd5 24. Na5 Qb8 25. Kg2 Bd8 26. Nab3 Be7 27. Na5 Bd8 28. Nab3 Be7 1/2-1/2

[Event "Bhubaneswar op-A 15th"]
[Site "Bhubaneswar"]
[Date "2024.12.05"]
[Round "5"]
[White "Pruthu, Deshpande"]
[Black "Podolchenko, Evgeniy"]
[Result "0-1"]
[WhiteElo "2000"]
[BlackElo "2360"]
[PlyCount "56"]
[EventDate "2024.12.02"]
[EventType "swiss"]
[EventRounds "10"]
[EventCountry "IND"]
[SourceTitle "CB50_2024"]
[SourceDate "2024.11.01"]
[SourceVersion "1"]
[SourceVersionDate "2024.11.01"]
[SourceQuality "2"]

1. Nf3 Nf6 2. d4 g6 3. c4 Bg7 4. Nc3 d5 5. h4 c6 6. Bg5 h6 7. Bxf6 Bxf6 8. cxd5 cxd5 9. Qb3 e6 10. e3 Nc6 11. Bb5 0-0 12. h5 Na5 13. Qc2 g5 14. Ne5 a6 15. Be2 b5 16. f4 Nc4 17. Bxc4 bxc4 18. 0-0 Bg7 19. e4 dxe4 20. Qxe4 Rb8 21. fxg5 Qxg5 22. Rf2 Bb7 23. Qe2 Rbd8 24. Raf1 Rxd4 25. Nxc4 Rh4 26. Nd6 Qg3 27. Rxf7 Bd4+ 28. R1f2 Qxg2# 0-1

[Event "Tamil Nadu IM 29th"]
[Site "Coimbatore"]
[Date "2024.09.28"]
[Round "8"]
[White "Reyan, Md"]
[Black "Podolchenko, Evgeniy"]
[Result "1-0"]
[WhiteElo "2291"]
[BlackElo "2338"]
[PlyCount "61"]
[EventDate "2024.09.23"]
[EventType "tourn"]
[EventRounds "9"]
[EventCountry "IND"]
[EventCategory "1"]
[SourceTitle "EXT 2025"]
[Source "ChessBase"]
[SourceDate "2024.10.14"]
[SourceVersion "1"]
[SourceVersionDate "2024.10.14"]
[SourceQuality "1"]

1. e4 e6 2. d4 d5 3. e5 c5 4. c3 Qb6 5. Nf3 Nc6 6. a3 Bd7 7. b4 cxd4 8. cxd4 Rc8 9. Be3 Nh6 10. Bd3 Ng4 11. Nbd2 g6 12. Nb3 Nxe3 13. fxe3 a5 14. b5 Ne7 15. a4 Nf5 16. Qe2 h5 17. 0-0 Rc3 18. Bxf5 exf5 19. Qb2 Rxe3 20. Rfe1 Rxe1+ 21. Rxe1 Bb4 22. Rc1 Ke7 23. Nc5 Rc8 24. Nd3 Rxc1+ 25. Qxc1 Ke8 26. Qh6 Bf8 27. Qh8 Qc7 28. Nc5 b6 29. Ng5 Bc8 30. Nh7 Qe7 31. Nf6+ 1-0

[Event "Tamil Nadu IM 28th"]
[Site "Coimbatore"]
[Date "2024.09.18"]
[Round "6"]
[White "Podolchenko, Evgeniy"]
[Black "Dhruva, Thota"]
[Result "1/2-1/2"]
[WhiteElo "2338"]
[BlackElo "2342"]
[PlyCount "56"]
[EventDate "2024.09.15"]
[EventType "tourn"]
[EventRounds "9"]
[EventCountry "IND"]
[EventCategory "1"]
[SourceTitle "EXT 2025"]
[Source "ChessBase"]
[SourceDate "2024.10.14"]
[SourceVersion "1"]
[SourceVersionDate "2024.10.14"]
[SourceQuality "1"]

1. Nf3 Nf6 2. c4 g6 3. b3 Bg7 4. Bb2 0-0 5. e3 c5 6. Be2 Nc6 7. 0-0 d5 8. cxd5 Qxd5 9. d3 b6 10. a3 Bb7 11. Nbd2 Rfd8 12. Qc2 Rac8 13. Rac1 e5 14. Qb1 Ne8 15. Qa1 Nd6 16. Rfe1 Re8 17. Bf1 Ba6 18. Red1 Rcd8 19. Ng5 Nb7 20. Nc4 h6 21. Ne4 Nba5 22. Ned2 Nxc4 23. Nxc4 Qe6 24. Bc3 Qe7 25. Kh1 Kh8 26. Kg1 Kg8 27. Kh1 Kh8 28. Kg1 Kg8 1/2-1/2

[Event "Tamil Nadu IM 28th"]
[Site "Coimbatore"]
[Date "2024.09.16"]
[Round "3"]
[White "Aakash, G2."]
[Black "Podolchenko, Evgeniy"]
[Result "1-0"]
[WhiteElo "2279"]
[BlackElo "2338"]
[PlyCount "49"]
[EventDate "2024.09.15"]
[EventType "tourn"]
[EventRounds "9"]
[EventCountry "IND"]
[EventCategory "1"]
[SourceTitle "EXT 2025"]
[Source "ChessBase"]
[SourceDate "2024.10.14"]
[SourceVersion "1"]
[SourceVersionDate "2024.10.14"]
[SourceQuality "1"]

1. d4 Nf6 2. c4 e6 3. Nc3 Bb4 4. f3 d5 5. a3 Be7 6. e4 dxe4 7. fxe4 e5 8. d5 Bc5 9. Nf3 Bg4 10. Qd3 Bxf3 11. Qxf3 Nbd7 12. g4 0-0 13. Bg5 c6 14. 0-0-0 Bd4 15. Ne2 Qb6 16. Nxd4 exd4 17. Qf5 cxd5 18. exd5 Rae8 19. Bxf6 Nxf6 20. Bd3 Qd6 21. g5 Re5 22. Qf4 Nd7 23. Rhe1 b5 24. Bf5 Qb8 25. Bxd7 1-0

[Event "Tamil Nadu IM 27th"]
[Site "Coimbatore"]
[Date "2024.09.12"]
[Round "8"]
[White "Dinesh, Rajan M"]
[Black "Podolchenko, Evgeniy"]
[Result "0-1"]
[WhiteElo "2258"]
[BlackElo "2338"]
[PlyCount "162"]
[EventDate "2024.09.07"]
[EventType "tourn"]
[EventRounds "9"]
[EventCountry "IND"]
[EventCategory "1"]
[SourceTitle "EXT 2025"]
[Source "ChessBase"]
[SourceDate "2024.10.14"]
[SourceVersion "1"]
[SourceVersionDate "2024.10.14"]
[SourceQuality "1"]

1. e4 c6 2. d4 d5 3. e5 Bf5 4. g4 Be4 5. f3 Bg6 6. e6 Qd6 7. exf7+ Bxf7 8. Nc3 Nd7 9. Nh3 0-0-0 10. Ng5 Qf6 11. f4 h5 12. Be3 hxg4 13. Qxg4 Nh6 14. Qh3 e6 15. 0-0-0 Bd6 16. Nxf7 Qxf7 17. Ne2 Nf5 18. Qf3 Qh5 19. Qxh5 Rxh5 20. Bf2 Nf6 21. Bg2 Rdh8 22. h3 Ne4 23. Rdf1 Nxf2 24. Rxf2 Rh4 25. c3 Kd7 26. Kd2 Ke7 27. Rf3 Kf7 28. Rhf1 R4h6 29. Rg1 Rg6 30. Bf1 Rxg1 31. Nxg1 Rh4 32. Ne2 Kf6 33. Bg2 g6 34. Rf1 b5 35. a4 b4 36. cxb4 Bxb4+ 37. Kd3 a5 38. Rc1 Ne7 39. Ke3 Bd6 40. b3 Rh8 41. Kd3 Rb8 42. Rb1 Rb4 43. Bf3 c5 44. dxc5 Bxc5 45. h4 Bd6 46. h5 Bxf4 47. Nc3 e5 48. Rd1 e4+ 49. Bxe4 dxe4+ 50. Nxe4+ Ke5 51. Nc3 Rd4+ 52. Ke2 Rxd1 53. Nxd1 gxh5 54. Nb2 Kd4 55. Kf3 Bc7 56. Nd1 Ng6 57. Ne3 Ne5+ 58. Ke2 Ke4 59. Nd1 Nc6 60. Nc3+ Ke5 61. Kf3 Nd4+ 62. Kg3 Bd8 63. Nd1 Nxb3 64. Ne3 Nd2 65. Kf2 Bb6 66. Ke2 Bxe3 67. Kxe3 Ne4 68. Kd3 h4 69. Ke3 Nc5 70. Kf3 Kf5 71. Kf2 Kg4 72. Ke3 h3 73. Kd4 Nxa4 74. Kc4 h2 75. Kb5 h1Q 76. Kxa5 Qb7 77. Kxa4 Kf4 78. Ka3 Ke4 79. Ka2 Kd4 80. Ka3 Kc3 81. Ka2 Qb2# 0-1